| 000 | 00000nam 2200000za 4500 |
| 001 | 9.822309 |
| 003 | CaOODSP |
| 005 | 20221107143646 |
| 007 | cr ||||||||||| |
| 008 | 160809s1982 onc |o f|0| 0 eng d |
| 040 | |aCaOODSP|beng |
| 043 | |an-cn--- |
| 086 | 1 |aF2-57/1982E-PDF |
| 110 | 1 |aCanada. |bDepartment of Finance. |
| 245 | 10|aExtension of customs jurisdiction over the Canadian continental shelf |h[electronic resource] : |ba background paper / |cissued by The Honourable Paul Cosgrove Minister of State (Finance). |
| 260 | |6[Ottawa] : |8Department of Finance Canada, |ac1982. |
| 300 | |a14 p. : |btable, fig. |
| 500 | |aDecember 1982. |
| 500 | |aIssued also in French under title: Elargissement de la compétence douanière au plateau continental canadien. |
| 692 | 07|2gccst|aCustoms and excise |
| 775 | 08|tElargissement de la compétence douanière au plateau continental canadien |w(CaOODSP)9.822315 |
| 856 | 40|qPDF|s536 KB|uhttps://publications.gc.ca/collections/collection_2016/fin/F2-57-1982-eng.pdf |